000 00696nam a2200241Ia 4500
003 OSt
005 20220925230512.0
006 a|||||r|||| 00| 0
007 ta
008 220923b |||||||| |||| 00| 0 eng d
037 _cGeneral Book
040 _aRTL
_cRTL
_beng
041 _2eng
_aeng
082 _aXM5:(Z).3.N7, L2
100 _aHadden Tom
_9293754
245 0 _aCompany law and capitalism
260 _aLondon
_bWeidenfeld and Nicolson
_c1972
300 _axxiii, 477p
_ccm.
490 _aLaw in context. Ed by Report Stevens and William Twining
650 _aCompany Law
942 _hXM5:(Z).3.N7, L2
_cGB
_2CC
999 _c585750
_d585750